000 00506nam a22001817a 4500
005 20251108165010.0
008 250721s1980 xx 000 0 ara d
082 1 4 _a530.11/عبد
100 1 _aبدر، عبد الرحيم
245 1 0 _aالكون الأحدب :
_bقصة النظرية النسبية /
250 _aط3.
264 1 _aبيروت :
_bدار القلم،
_c1980.
300 _a271ص
650 1 7 _aالنسبية
650 1 7 _aالفيزياء
942 _2ddc
_cBK
999 _c19482
_d19482